[Event "XII C.to Europeo a squadre"]
[Site "Batumi GEO"]
[Date "1999.12.04"]
[Round "6.3"]
[White "Hillarp Persson, Tiger"]
[Black "Borgo, Giulio"]
[Result "1-0"]
[WhiteElo "2507"]
[BlackElo "2444"]
[Annotator "ITA-SWE"]
[PlyCount "73"]
[EventDate "1999.11.29"]

1.d4 d5 2.c4 e6 3.Nc3 c6 4.e3 Nf6 5.Nf3 Nbd7 6.Qc2 Bd6 7.g4 dxc4 8.Bxc4 b6
9.e4 e5 10.g5 Nh5 11.Be3 Qc7 12.O-O-O O-O 13.Kb1 g6 14.Be2 exd4 15.Nxd4 
Nf4 16.h4 b5 17.Bxb5 Bb7 18.h5 Be5 19.Bc4 Nb6 20.Be2 Rae8 21.hxg6 fxg6 22.
a4 Nxe2 23.Qxe2 Qf7 24.f4 Bh8 25.e5 c5 26.Ndb5 Qb3 27.Nd6 Bxh1 28.Rxh1 
Nxa4 29.Nxa4 Qxa4 30.Qg2 Rb8 31.Qd5+ Kg7 32.Rh2 h5 33.gxh6+ Kh7 34.Ne4 g5 
35.Nxg5+ Kg6 36.Qe6+ Rf6 37.f5# 1-0

[Event "XII C.to Europeo a squadre"]
[Site "Batumi GEO"]
[Date "1999.12.04"]
[Round "6.4"]
[White "Belotti, Bruno"]
[Black "Brynell, Stellan"]
[Result "0-1"]
[WhiteElo "2423"]
[BlackElo "2488"]
[Annotator "ITA-SWE"]
[PlyCount "72"]
[EventDate "1999.11.29"]

1.e4 e6 2.d3 d5 3.Qe2 Be7 4.Nf3 c5 5.g3 Nc6 6.Bg2 Nf6 7.O-O O-O 8.e5 Nd7 
9.c4 Ndb8 10.h4 f5 11.exf6 Bxf6 12.Nh2 Nd4 13.Qd1 Nbc6 14.Nc3 dxc4 15.dxc4
b6 16.Ng4 Bb7 17.Be3 Qd7 18.Nxf6+ gxf6 19.Ne4 Rad8 20.Qh5 Qf7 21.Qxf7+ 
Kxf7 22.Rfd1 Ke7 23.Bh6 Rg8 24.Nc3 Nf5 25.Bf4 Rd4 26.Rxd4 cxd4 27.Ne4 Na5 
28.b4 Nxh4 29.Bh1 Nxc4 30.Nxf6 Kxf6 31.Bxb7 Ng6 32.Bh6 Ne7 33.Rc1 b5 34.
Ba6 Nf5 35.Bf4 e5 36.Bxb5 Ncd6 0-1

[Event "XII C.to Europeo a squadre"]
[Site "Batumi GEO"]
[Date "1999.12.05"]
[Round "7.1"]
[White "Godena, Michele"]
[Black "Salmensuu, Olli"]
[Result "1-0"]
[WhiteElo "2490"]
[BlackElo "2443"]
[Annotator "ITA-FIN"]
[PlyCount "129"]
[EventDate "1999.11.29"]

1.e4 c5 2.Nf3 e6 3.c3 d5 4.exd5 exd5 5.d4 Nc6 6.Bb5 Bd6 7.dxc5 Bxc5 8.O-O 
Ne7 9.Nbd2 O-O 10.Nb3 Bb6 11.Re1 Nf5 12.Bd3 h6 13.Bc2 Be6 14.Qd3 Qf6 15.
Be3 Bxe3 16.fxe3 g6 17.Nc5 Ne5 18.Nxe5 Qxe5 19.Bb3 Nh4 20.e4 dxe4 21.Nxe6 
Qxe6 22.Rxe4 Qb6+ 23.Qd4 Qxd4+ 24.Rxd4 Nf5 25.Rd7 b5 26.Re1 a5 27.g4 a4 
28.Bd5 Rad8 29.Bxf7+ Kg7 30.Be6+ Rxd7 31.Bxd7 Nh4 32.Re7+ Kf6 33.Re8 Rf7 
34.Bxb5 Kg5 35.Be2 Rb7 36.Re5+ Kf4 37.Rb5 Rf7 38.Kf2 Ke4+ 39.Kg3 g5 40.Rb6
Ke3 41.Re6+ Kd2 42.c4 Rb7 43.Bf3 Rxb2 44.Re2+ Kc3 45.Rxb2 Kxb2 46.c5 Kxa2 
47.c6 Ng6 48.c7 Ne7 49.Bb7 Kb2 50.c8=Q Nxc8 51.Bxc8 Kc3 52.Kf3 Kd4 53.Be6 
h5 54.Bf7 a3 55.h3 h4 56.Bg8 Kd3 57.Be6 Kd4 58.Bf7 Kd3 59.Bd5 Kd4 60.Be6 
Kd3 61.Ba2 Kd4 62.Ke2 Ke4 63.Bb1+ Kd4 64.Kd2 Kc4 65.Ke3 1-0

[Event "XII C.to Europeo a squadre"]
[Site "Batumi GEO"]
[Date "1999.12.05"]
[Round "7.2"]
[White "Yrjola, Jouni"]
[Black "Efimov, Igor"]
[Result "0-1"]
[WhiteElo "2412"]
[BlackElo "2445"]
[Annotator "ITA-FIN"]
[PlyCount "74"]
[EventDate "1999.11.29"]

1.d4 e6 2.c4 c5 3.d5 exd5 4.cxd5 d6 5.Nc3 g6 6.e4 Bg7 7.Bd3 Ne7 8.Nf3 O-O 
9.O-O a6 10.a4 Bg4 11.h3 Bxf3 12.Qxf3 Nd7 13.Qe2 Qc7 14.f4 Rae8 15.Qf3 f5 
16.g4 c4 17.Bc2 fxe4 18.Bxe4 Nc5 19.Bc2 b5 20.axb5 axb5 21.Be3 b4 22.Nb5 
Qd7 23.Nd4 b3 24.Bd1 Nd3 25.Ne6 Nxd5 26.Nxf8 Qb5 27.Ne6 Rxe6 28.Ra8+ Bf8 
29.Bd4 N5xf4 30.Rc8 d5 31.g5 Qb7 32.Rd8 Re4 33.Bf6 Qb6+ 34.Kh1 Re3 35.Qxf4
Nxf4 36.Rxf4 Re1+ 37.Kg2 Qg1+ 0-1

[Event "XII C.to Europeo a squadre"]
[Site "Batumi GEO"]
[Date "1999.12.05"]
[Round "7.3"]
[White "Arlandi, Ennio"]
[Black "Agopov, Mikael"]
[Result "1-0"]
[WhiteElo "2465"]
[BlackElo "2409"]
[Annotator "ITA-FIN"]
[PlyCount "91"]
[EventDate "1999.11.29"]

1.d4 Nf6 2.c4 e6 3.Nc3 Bb4 4.Qc2 O-O 5.a3 Bxc3+ 6.Qxc3 b6 7.Bg5 Ba6 8.e3 
d6 9.Nf3 Nbd7 10.b4 c5 11.dxc5 bxc5 12.b5 Bb7 13.Bd3 Qb6 14.O-O Ne4 15.
Bxe4 Bxe4 16.Nd2 Bb7 17.a4 a5 18.e4 Rfe8 19.f3 d5 20.Rfe1 Qd6 21.exd5 exd5
22.Nb3 h6 23.Bd2 dxc4 24.Nxa5 Bd5 25.Nc6 Rxe1+ 26.Bxe1 Bxc6 27.bxc6 Qxc6 
28.Qxc4 Nb6 29.Qc2 Rxa4 30.Rd1 Ra8 31.Bf2 c4 32.Kh1 Rc8 33.h3 c3 34.Be3 
Nd5 35.Bc1 Nb4 36.Qb3 c2 37.Rd4 Re8 38.Qxb4 Qa6 39.Rc4 Re2 40.Bb2 h5 41.
Kh2 Qg6 42.Qb8+ Kh7 43.Qg3 Qh6 44.f4 Rd2 45.Rc5 h4 46.Qg4 1-0

[Event "XII C.to Europeo a squadre"]
[Site "Batumi GEO"]
[Date "1999.12.05"]
[Round "7.4"]
[White "Manninen, Marko"]
[Black "Belotti, Bruno"]
[Result "0-1"]
[WhiteElo "2426"]
[BlackElo "2423"]
[Annotator "ITA-FIN"]
[PlyCount "66"]
[EventDate "1999.11.29"]

1.d4 Nf6 2.c4 c5 3.d5 b5 4.cxb5 a6 5.b6 Qxb6 6.Nc3 d6 7.a4 g6 8.Nf3 Bg7 9.
Nd2 O-O 10.e4 Nbd7 11.Nc4 Qc7 12.a5 Re8 13.Be2 e6 14.dxe6 Rxe6 15.f3 Bb7 
16.O-O Rae8 17.Bf4 Nh5 18.Bxd6 Qc6 19.e5 Nxe5 20.Bxe5 Bxe5 21.Nxe5 Rxe5 
22.Bc4 Nf4 23.Qd2 Qf6 24.Ra4 Kg7 25.Bd3 Re3 26.Nd1 Rxd3 27.Qxf4 Qxf4 28.
Rxf4 Re2 29.Rc4 Rdd2 30.Nf2 Bc6 31.Rxc5 Bb5 32.Rcc1 Rxb2 33.Rb1 Rxf2 0-1

[Event "XII C.to Europeo a squadre"]
[Site "Batumi GEO"]
[Date "1999.12.06"]
[Round "8.1"]
[White "Piket, Jeroen"]
[Black "Godena, Michele"]
[Result "1/2-1/2"]
[WhiteElo "2625"]
[BlackElo "2490"]
[Annotator "ITA-NED"]
[PlyCount "39"]
[EventDate "1999.11.29"]

1.d4 d5 2.c4 c6 3.Nc3 Nf6 4.Nf3 e6 5.Qb3 Nbd7 6.cxd5 exd5 7.Bf4 Nh5 8.Bg3 
Nxg3 9.hxg3 Nf6 10.e3 Qb6 11.Bd3 Qxb3 12.axb3 Bd6 13.O-O Ke7 14.Rfe1 Be6 
15.e4 dxe4 16.Nxe4 Nxe4 17.Rxe4 Kf6 18.Bc4 Rhe8 19.Rae1 Rad8 20.Kf1 
1/2-1/2

[Event "XII C.to Europeo a squadre"]
[Site "Batumi GEO"]
[Date "1999.12.06"]
[Round "8.2"]
[White "Efimov, Igor"]
[Black "Van Wely, Loek"]
[Result "0-1"]
[WhiteElo "2445"]
[BlackElo "2629"]
[Annotator "ITA-NED"]
[PlyCount "132"]
[EventDate "1999.11.29"]

1.d4 d5 2.c4 e6 3.e3 Nf6 4.Nf3 Nbd7 5.a3 c6 6.Nbd2 Bd6 7.Bd3 O-O 8.O-O e5 
9.cxd5 cxd5 10.dxe5 Nxe5 11.Nxe5 Bxe5 12.Nf3 Bc7 13.h3 Ne4 14.Bd2 Re8 15.
Rc1 Re6 16.Bc3 Bd7 17.Bb1 Rg6 18.Be5 Bxh3 19.Bxc7 Bxg2 20.Bg3 Bxf1 21.Kxf1
Nxg3+ 22.fxg3 Rxg3 23.Kf2 Rh3 24.Qd4 Qd6 25.Rg1 g6 26.Qg4 Rh6 27.Qg5 Kg7 
28.Rd1 Rh5 29.Qf4 Qb6 30.Qd4+ Qxd4 31.Rxd4 Rc8 32.Rd2 Rc5 33.Kg2 Kf6 34.
Ba2 Ke7 35.Bb3 Rf5 36.Bc2 Rf6 37.Ne5 Re6 38.Nd3 Rxc2 39.Rxc2 Rxe3 40.Nf4 
Kd6 41.Rd2 Re5 42.Kf3 h5 43.b4 Rf5 44.Kg3 Rg5+ 45.Kf3 Rf5 46.Kg3 Re5 47.
Kf3 h4 48.Nd3 Rg5 49.a4 Rg3+ 50.Kf2 Rg4 51.Re2 Re4 52.Rc2 Rc4 53.Re2 Rd4 
54.Ne5 Rf4+ 55.Kg2 f6 56.Nd3 Rd4 57.Re3 g5 58.a5 g4 59.Kf2 f5 60.Ne5 Rf4+ 
61.Kg2 Rxb4 62.Nf7+ Kc5 63.Re2 f4 64.Rc2+ Rc4 65.Rb2 f3+ 66.Kf2 Rc3 0-1

[Event "XII C.to Europeo a squadre"]
[Site "Batumi GEO"]
[Date "1999.12.06"]
[Round "8.3"]
[White "Tiviakov, Sergei"]
[Black "Arlandi, Ennio"]
[Result "0-1"]
[WhiteElo "2611"]
[BlackElo "2465"]
[Annotator "ITA-NED"]
[PlyCount "118"]
[EventDate "1999.11.29"]

1.e4 c5 2.Nf3 e6 3.d4 cxd4 4.Nxd4 Nf6 5.Nc3 d6 6.Be2 a6 7.a4 Nc6 8.O-O Be7
9.Be3 Qc7 10.f4 O-O 11.Kh1 Re8 12.Bf3 Rb8 13.g4 Nd7 14.g5 b6 15.Bg2 Bb7 
16.Qh5 Bf8 17.Rf2 g6 18.Qh3 Nb4 19.f5 exf5 20.exf5 Bxg2+ 21.Rxg2 Qb7 22.
Rf1 Nd5 23.Nxd5 Qxd5 24.Rf4 Re4 25.Qf3 Rbe8 26.Ne6 Re5 27.Qxd5 Rxd5 28.Nc7
Rd1+ 29.Rg1 Rxg1+ 30.Bxg1 Rc8 31.Nxa6 Rxc2 32.Rf2 Rc1 33.Kg2 Rc4 34.b4 
Rg4+ 35.Kf1 Rxg5 36.a5 bxa5 37.bxa5 Bg7 38.Rf3 Ne5 39.Rf4 Nc6 40.Bb6 Be5 
41.Rf2 Bd4 42.Bxd4 Nxd4 43.Nb4 Nxf5 44.a6 Ne3+ 45.Ke2 Nc4 46.Kd3 Nb6 47.
Rf6 Rb5 48.Nc6 Rd5+ 49.Ke3 Rd1 50.Ke2 Ra1 51.Rxd6 Ra2+ 52.Kd3 Rxa6 53.Nb4 
Ra3+ 54.Kd4 Na4 55.Nd5 Rh3 56.Ke5 Rxh2 57.Nf4 Kg7 58.Rd7 Rf2 59.Ne6+ Kh6 
0-1

[Event "XII C.to Europeo a squadre"]
[Site "Batumi GEO"]
[Date "1999.12.06"]
[Round "8.4"]
[White "Borgo, Giulio"]
[Black "Reinderman, Dimitri"]
[Result "1/2-1/2"]
[WhiteElo "2444"]
[BlackElo "2525"]
[Annotator "ITA-NED"]
[PlyCount "20"]
[EventDate "1999.11.29"]

1.e4 e5 2.Nf3 d6 3.d4 exd4 4.Qxd4 Nc6 5.Bb5 Ne7 6.Qc3 Bd7 7.O-O Ng6 8.Nd4 
Nxd4 9.Bxd7+ Qxd7 10.Qxd4 a6 1/2-1/2

[Event "XII C.to Europeo a squadre"]
[Site "Batumi GEO"]
[Date "1999.12.07"]
[Round "9.4"]
[White "Dizdarevic, Emir"]
[Black "Belotti, Bruno"]
[Result "1/2-1/2"]
[WhiteElo "2527"]
[BlackElo "2423"]
[Annotator "ITA-BIH"]
[PlyCount "96"]
[EventDate "1999.11.29"]

1.Nf3 g6 2.d4 Nf6 3.Nbd2 Bg7 4.e4 d6 5.Be2 O-O 6.O-O c5 7.dxc5 dxc5 8.c3 
Nc6 9.Qc2 Qc7 10.Re1 Rd8 11.h3 h6 12.a4 Nh5 13.Nc4 Be6 14.Be3 Nf4 15.Bf1 
b6 16.Rad1 g5 17.Rxd8+ Rxd8 18.Rd1 Ng6 19.Rd2 Nge5 20.Rxd8+ Qxd8 21.Nfxe5 
Nxe5 22.Nxe5 Bxe5 23.a5 Qc7 24.axb6 axb6 25.Qa4 Kg7 26.Bc4 Bxc4 27.Qxc4 
Qa7 28.Qf1 Qa4 29.Qb1 Qc4 30.Qc2 b5 31.b3 Qxc3 32.Qxc3 Bxc3 33.Bxc5 Kf6 
34.Kf1 h5 35.Ke2 e5 36.Be3 Bb4 37.g3 g4 38.hxg4 hxg4 39.f3 gxf3+ 40.Kxf3 
Ke6 41.Kg4 Be1 42.Bc5 Bd2 43.Bf8 Be3 44.Kf3 Bd4 45.g4 Kf6 46.Bh6 Kg6 47.
Bd2 Kf6 48.Be1 Kg5 1/2-1/2

[Event "III C.to Europeo a squadre femminile"]
[Site "Batumi GEO"]
[Date "1999.11.29"]
[Round "1.1"]
[White "Barbiso, Tiziana"]
[Black "Misanovic, Vesna"]
[Result "0-1"]
[WhiteElo "2050"]
[BlackElo "2384"]
[Annotator "ITA-BIH"]
[PlyCount "36"]
[EventDate "1999.11.29"]

1. e4 d5 2. exd5 Nf6 3. d4 Nxd5 4. Bc4 e6 5. Nf3 Be7 6. O-O O-O 7. Re1 a6 8. c3
b5 9. Bb3 Bb7 10. Bc2 Nd7 11. Ne5 Nxe5 12. dxe5 Nb6 13. Qg4 Kh8 14. Re3 Nc4 15.
Rh3 g6 16. Bf4 Qd5 17. Qg3 Rfd8 18. Na3 Nxb2 0-1

[Event "III C.to Europeo a squadre femminile"]
[Site "Batumi GEO"]
[Date "1999.11.29"]
[Round "1.2"]
[White "Titova-Boric, Elena"]
[Black "Sirletti, Sonia"]
[Result "1-0"]
[WhiteElo "2201"]
[BlackElo "1804"]
[Annotator "ITA-BIH"]
[PlyCount "65"]
[EventDate "1999.11.29"]

1. e4 e6 2. Qe2 c5 3. Nf3 Nc6 4. g3 d6 5. Bg2 Nf6 6. O-O Be7 7. c3 O-O 8. d4 d5
9. e5 Nd7 10. dxc5 Bxc5 11. b4 Be7 12. a4 Qc7 13. Bf4 Rd8 14. Na3 a6 15. Rfc1
Qb8 16. h4 Nf8 17. h5 d4 18. Nxd4 Nxd4 19. cxd4 Rxd4 20. Nc4 Qc7 21. Be3 Rd8
22. Nb6 Qb8 23. Nxa8 Qxa8 24. Bb6 Re8 25. b5 Nd7 26. Bc7 Bd8 27. bxa6 Qxa6 28.
Qxa6 bxa6 29. Bd6 Bb6 30. Ra2 a5 31. Rac2 Ba6 32. Bc6 Bc8 33. Bb5 1-0

[Event "III C.to Europeo a squadre femminile"]
[Site "Batumi GEO"]
[Date "1999.11.30"]
[Round "2.1"]
[White "Fittante, Giuliana"]
[Black "Nicoara-Etchegaray, Malina"]
[Result "0-1"]
[WhiteElo "2020"]
[BlackElo "2247"]
[Annotator "ITA-FRA"]
[PlyCount "30"]
[EventDate "1999.11.29"]

1. d4 Nf6 2. Nf3 d6 3. Bf4 Nbd7 4. e3 g6 5. Bd3 Bg7 6. Nbd2 O-O 7. h3 Qe8 8.
Ne4 Nxe4 9. Bxe4 e5 10. dxe5 dxe5 11. Bg5 Nc5 12. Bd5 e4 13. Nd4 Qe5 14. Nf3
exf3 15. Bf4 Qxb2 0-1

[Event "III C.to Europeo a squadre femminile"]
[Site "Batumi GEO"]
[Date "1999.11.30"]
[Round "2.2"]
[White "Flear, Christine"]
[Black "Sirletti, Sonia"]
[Result "1-0"]
[WhiteElo "2232"]
[BlackElo "1804"]
[Annotator "ITA-FRA"]
[PlyCount "75"]
[EventDate "1999.11.29"]

1. d4 Nf6 2. Nf3 g6 3. c4 Bg7 4. Nc3 d6 5. g3 O-O 6. Bg2 Nbd7 7. O-O e5 8. e4
c6 9. h3 Qc7 10. Be3 exd4 11. Nxd4 a5 12. f4 Ne8 13. Qd2 Nc5 14. f5 Nf6 15.
Rae1 Nfd7 16. Bh6 Qd8 17. Bxg7 Kxg7 18. h4 f6 19. fxg6 hxg6 20. h5 Ne5 21. hxg6
Nxg6 22. Nf5+ Bxf5 23. Rxf5 Qb6 24. Qf2 Nd7 25. Rd1 Qxf2+ 26. Rxf2 Nde5 27. b3
Rad8 28. Rfd2 Nf7 29. Ne2 Rfe8 30. Nd4 Ng5 31. Nf5+ Kf8 32. Rxd6 Rxd6 33. Rxd6
Re6 34. Rd8+ Re8 35. Rxe8+ Kxe8 36. Nd6+ Kd7 37. Nxb7 a4 38. Nc5+ 1-0

[Event "III C.to Europeo a squadre femminile"]
[Site "Batumi GEO"]
[Date "1999.12.01"]
[Round "3.1"]
[White "Cmilyte, Viktorija"]
[Black "Barbiso, Tiziana"]
[Result "1-0"]
[WhiteElo "2354"]
[BlackElo "2050"]
[Annotator "ITA-LTU"]
[PlyCount "75"]
[EventDate "1999.11.29"]

1. d4 d5 2. c4 e6 3. Nf3 Nf6 4. Nc3 Nbd7 5. Bg5 Be7 6. e3 O-O 7. Qc2 c5 8.
O-O-O Qa5 9. Kb1 cxd4 10. exd4 dxc4 11. Bxc4 b5 12. Bxb5 Rb8 13. Bd3 Ba3 14.
Bc1 Bb4 15. Ka1 Bb7 16. Nd2 Rfc8 17. Nc4 Qd8 18. Bf4 Ra8 19. Nd6 Bxd6 20. Bxd6
Nb6 21. Bc5 Nbd5 22. Nxd5 Bxd5 23. Qa4 Nd7 24. Qa3 Nxc5 25. dxc5 Qc7 26. Ba6
Rd8 27. f3 Rab8 28. Rc1 Bc6 29. Qc3 h6 30. Bd3 Bb5 31. Be4 Rdc8 32. h4 Bc6 33.
Bb1 Bd5 34. Rhd1 Qf4 35. Rd4 Qf6 36. Ra4 Qxc3 37. Rxc3 Rc7 38. a3 1-0

[Event "III C.to Europeo a squadre femminile"]
[Site "Batumi GEO"]
[Date "1999.12.01"]
[Round "3.2"]
[White "Fittante, Giuliana"]
[Black "Varniene, Rita"]
[Result "0-1"]
[WhiteElo "2020"]
[BlackElo "2166"]
[Annotator "ITA-LTU"]
[PlyCount "48"]
[EventDate "1999.11.29"]

1. d4 Nf6 2. Nf3 d5 3. Bg5 Ne4 4. Bf4 e6 5. e3 Bd6 6. Bxd6 cxd6 7. Nbd2 O-O 8.
Bd3 f5 9. O-O b6 10. Qe2 Bb7 11. Rac1 Nd7 12. c4 Ndf6 13. b4 Rc8 14. Nb3 dxc4
15. Rxc4 Rxc4 16. Bxc4 Qe7 17. Rc1 Ng4 18. Rf1 Kh8 19. a3 Nc3 20. Qd2 Bxf3 21.
gxf3 Qh4 22. fxg4 Qxg4+ 23. Kh1 Qf3+ 24. Kg1 Rf6 0-1

[Event "III C.to Europeo a squadre femminile"]
[Site "Batumi GEO"]
[Date "1999.12.02"]
[Round "4.1"]
[White "Barbiso, Tiziana"]
[Black "Cinar Corlulu, Nilufer"]
[Result "0-1"]
[WhiteElo "2050"]
[BlackElo "2052"]
[Annotator "ITA-TUR"]
[PlyCount "58"]
[EventDate "1999.11.29"]

1. e4 c5 2. c3 Nf6 3. e5 Nd5 4. d4 cxd4 5. Qxd4 e6 6. Bc4 Nc6 7. Qe4 Nde7 8.
Nf3 Ng6 9. O-O Qc7 10. Re1 f6 11. exf6 gxf6 12. Bb3 b6 13. Nd4 Nxd4 14. Qxd4
Bc5 15. Qa4 O-O 16. Bh6 Bb7 17. Bxf8 Rxf8 18. Na3 Kh8 19. Bc2 f5 20. Rad1 Bc6
21. Nb5 Qb8 22. b4 Be7 23. c4 Nf4 24. f3 Kg8 25. g3 Bxf3 26. Qb3 Qb7 27. Rxd7
Nh3+ 28. Kf1 Bg2+ 29. Ke2 Qxd7 0-1

[Event "III C.to Europeo a squadre femminile"]
[Site "Batumi GEO"]
[Date "1999.12.03"]
[Round "5.1"]
[White "Krasser, Margit"]
[Black "Barbiso, Tiziana"]
[Result "1/2-1/2"]
[WhiteElo "2174"]
[BlackElo "2050"]
[Annotator "ITA-AUT"]
[PlyCount "70"]
[EventDate "1999.11.29"]

1. d4 d5 2. Nf3 Nf6 3. e3 e6 4. Bd3 c5 5. c3 Bd6 6. Nbd2 b6 7. Qe2 Nbd7 8. O-O
Bb7 9. b3 Ne4 10. Bb2 O-O 11. c4 cxd4 12. exd4 Nxd2 13. Nxd2 Qg5 14. Nf3 Qh5
15. Ne5 Qxe2 16. Bxe2 Nf6 17. f3 Rac8 18. Rfc1 Rfd8 19. Kf2 Kf8 20. Rc2 Nd7 21.
Rac1 Nxe5 22. dxe5 Bc5+ 23. Kg3 Be3 24. Rd1 Ba6 25. Ba3+ Bc5 26. Bb2 Be7 27.
Rdd2 dxc4 28. Rxd8+ Rxd8 29. Bxc4 Rc8 30. h4 Bxc4 31. Rxc4 Rxc4 32. bxc4 Ke8
33. h5 Kd7 34. Kf4 Kc6 35. Ke4 Bb4 1/2-1/2

[Event "III C.to Europeo a squadre femminile"]
[Site "Batumi GEO"]
[Date "1999.12.03"]
[Round "5.2"]
[White "Sirletti, Sonia"]
[Black "Sommer, Sonja"]
[Result "0-1"]
[WhiteElo "1804"]
[BlackElo "2056"]
[Annotator "ITA-AUT"]
[PlyCount "70"]
[EventDate "1999.11.29"]

1. d4 d5 2. c4 e5 3. dxe5 d4 4. Nf3 Nc6 5. g3 Be6 6. Qb3 Qd7 7. Qxb7 Rb8 8. Qa6
Nb4 9. Qxa7 Rd8 10. Na3 d3 11. exd3 Nxd3+ 12. Bxd3 Qxd3 13. Qa4+ Bd7 14. Qb3
Qe4+ 15. Qe3 Bb4+ 16. Ke2 Qc6 17. b3 Bg4 18. h3 Bc5 19. Qf4 Rd4 20. Qxg4 Rxg4
21. hxg4 Qe4+ 22. Be3 Bxa3 23. Rhd1 Bc5 24. Rd3 Nh6 25. Rad1 O-O 26. Nh2 Bxe3
27. Rxe3 Qg2 28. Nf1 Nxg4 29. Rf3 Nxe5 30. Rf4 Ng6 31. Rf3 Re8+ 32. Re3 Kf8 33.
Rd5 c6 34. Rd4 Ne5 35. Rf4 h6 0-1

[Event "III C.to Europeo a squadre femminile"]
[Site "Batumi GEO"]
[Date "1999.12.04"]
[Round "6.1"]
[White "Koskoska, Gabriela"]
[Black "Fittante, Giuliana"]
[Result "1-0"]
[WhiteElo "2184"]
[BlackElo "2020"]
[Annotator "ITA-MKD"]
[PlyCount "57"]
[EventDate "1999.11.29"]

1. Nf3 Nf6 2. g3 d5 3. Bg2 c5 4. O-O Nc6 5. d3 e6 6. Nbd2 Be7 7. e4 dxe4 8.
dxe4 e5 9. Re1 O-O 10. c3 Bg4 11. Qc2 b5 12. Nf1 Rc8 13. Bg5 Nd7 14. Bxe7 Qxe7
15. Ne3 Bh5 16. Nf5 Qf6 17. Rad1 Bxf3 18. Bxf3 g6 19. Rd6 Qd8 20. Red1 gxf5 21.
Rxd7 Qg5 22. h4 Qg7 23. exf5 b4 24. R1d6 Nb8 25. Rxa7 Rcd8 26. Qd2 bxc3 27.
bxc3 Rxd6 28. Qxd6 c4 29. Ra8 1-0

[Event "III C.to Europeo a squadre femminile"]
[Site "Batumi GEO"]
[Date "1999.12.04"]
[Round "6.2"]
[White "Sirletti, Sonia"]
[Black "Janevska, Aleksandra"]
[Result "1/2-1/2"]
[WhiteElo "1804"]
[BlackElo "2032"]
[Annotator "ITA-MKD"]
[PlyCount "49"]
[EventDate "1999.11.29"]

1. d4 Nf6 2. c4 g6 3. Nc3 Bg7 4. e4 d6 5. Nf3 O-O 6. Be2 e5 7. d5 a5 8. Bg5 Na6
9. Nd2 Nc5 10. Rb1 Bd7 11. O-O h6 12. Be3 Ne8 13. b3 f5 14. f3 f4 15. Bf2 Qg5
16. Kh1 Nf6 17. Qe1 Qh5 18. g4 fxg3 19. Bxg3 Qh3 20. Rg1 Be8 21. a3 Nh5 22. Bf2
Nf4 23. Bf1 Qd7 24. Bxc5 dxc5 25. Qe3 1/2-1/2

[Event "III C.to Europeo a squadre femminile"]
[Site "Batumi GEO"]
[Date "1999.12.05"]
[Round "7.1"]
[White "Barbiso, Tiziana"]
[Black "Jiretorn, Eva"]
[Result "1-0"]
[WhiteElo "2050"]
[BlackElo "2116"]
[Annotator "ITA-SWE"]
[PlyCount "97"]
[EventDate "1999.11.29"]

1. e4 c5 2. c3 Nf6 3. e5 Nd5 4. d4 cxd4 5. Qxd4 e6 6. Bc4 Nc6 7. Qe4 Nde7 8.
Nf3 Ng6 9. O-O Qc7 10. Re1 b6 11. Na3 a6 12. Qe2 Bb7 13. Nc2 Ncxe5 14. Nxe5
Nxe5 15. Qxe5 Qxc4 16. Be3 Qg4 17. Qg3 Qxg3 18. hxg3 Bc5 19. Rad1 h5 20. Rd2 f6
21. b4 Bxe3 22. Nxe3 Rc8 23. Nf5 Rc7 24. Nd6+ Ke7 25. Nf5+ Kf8 26. Nd6 Ba8 27.
c4 h4 28. b5 h3 29. f3 a5 30. Rc1 hxg2 31. Kxg2 Rh5 32. Rdd1 Ke7 33. Rd2 f5 34.
c5 Rxc5 35. Rxc5 bxc5 36. b6 c4 37. b7 Bxb7 38. Nxb7 f4 39. Rd1 c3 40. a4 Rg5
41. g4 Re5 42. Kf2 g5 43. Rc1 Re3 44. Nxa5 d5 45. Nb3 e5 46. Re1 Rd3 47. Rxe5+
Kd6 48. Re6+ Kc7 49. Ke2 1-0

[Event "III C.to Europeo a squadre femminile"]
[Site "Batumi GEO"]
[Date "1999.12.05"]
[Round "7.2"]
[White "Andersson, Christin"]
[Black "Fittante, Giuliana"]
[Result "1-0"]
[WhiteElo "2080"]
[BlackElo "2020"]
[Annotator "ITA-SWE"]
[PlyCount "59"]
[EventDate "1999.11.29"]

1. e4 e5 2. Nf3 Nf6 3. Nc3 Bb4 4. Bc4 O-O 5. d3 d5 6. exd5 Nxd5 7. Bd2 Bxc3 8.
bxc3 Nb6 9. Bb3 Nc6 10. O-O Bg4 11. h3 Bh5 12. Re1 Kh8 13. g4 Bg6 14. Nxe5 Nxe5
15. Rxe5 Qd7 16. Qf3 f6 17. Re2 c6 18. Rae1 Rae8 19. Be6 Qd6 20. Bf4 Qa3 21. c4
Na4 22. Qg3 Rd8 23. Bc7 Nc3 24. Re3 Rd4 25. Bf5 Bxf5 26. gxf5 Rd7 27. Re8 Rg8
28. R8e3 Rc8 29. Bf4 Nxa2 30. Qf3 1-0

[Event "III C.to Europeo a squadre femminile"]
[Site "Batumi GEO"]
[Date "1999.12.06"]
[Round "8.1"]
[White "Budylina, Sofia"]
[Black "Barbiso, Tiziana"]
[Result "1/2-1/2"]
[WhiteElo "2032"]
[BlackElo "2050"]
[Annotator "ITA-EST"]
[PlyCount "38"]
[EventDate "1999.11.29"]

1. e4 e6 2. d4 d5 3. exd5 exd5 4. Bd3 Bd6 5. Nf3 Ne7 6. O-O O-O 7. c3 Bg4 8.
Nbd2 Qc8 9. Qc2 Bf5 10. Bxf5 Qxf5 11. Qxf5 Nxf5 12. Re1 Nd7 13. b3 h5 14. Bb2
Nf6 15. c4 Rad8 16. Re2 Rfe8 17. Rae1 Rxe2 18. Rxe2 Re8 19. Rxe8+ Nxe8 1/2-1/2

[Event "III C.to Europeo a squadre femminile"]
[Site "Batumi GEO"]
[Date "1999.12.06"]
[Round "8.2"]
[White "Sirletti, Sonia"]
[Black "Brokko, Margit"]
[Result "0-1"]
[WhiteElo "1804"]
[BlackElo "2163"]
[Annotator "ITA-EST"]
[PlyCount "74"]
[EventDate "1999.11.29"]

1. d4 Nf6 2. c4 c5 3. d5 e6 4. Nc3 exd5 5. cxd5 g6 6. Nf3 Bg7 7. e4 d6 8. h3
O-O 9. Bd3 Re8 10. O-O c4 11. Bxc4 Nxe4 12. Nxe4 Rxe4 13. Bg5 Qa5 14. Bd3 Re8
15. Re1 Bd7 16. Rxe8+ Bxe8 17. Qe1 Qxe1+ 18. Rxe1 Nd7 19. b3 Nb6 20. Re7 Nxd5
21. Rxb7 Bc6 22. Re7 Nxe7 23. Bxe7 Bxf3 24. gxf3 Re8 25. Bg5 Re1+ 26. Kg2 Rd1
27. Bc2 Ra1 28. a4 Bd4 29. Bh4 Bc5 30. f4 d5 31. Kf3 Rh1 32. Kg2 Rc1 33. Bd3
Rc3 34. Bb5 Rxb3 35. Bg3 d4 36. Kf1 d3 37. Bc4 Rb1+ 0-1

[Event "III C.to Europeo a squadre femminile"]
[Site "Batumi GEO"]
[Date "1999.12.07"]
[Round "9.1"]
[White "Leite, Catarina"]
[Black "Fittante, Giuliana"]
[Result "1-0"]
[WhiteElo "2039"]
[BlackElo "2020"]
[Annotator "ITA-POR"]
[PlyCount "79"]
[EventDate "1999.11.29"]

1. e4 e5 2. Nf3 Nf6 3. Nc3 Bb4 4. Bc4 O-O 5. O-O Nc6 6. d3 Bxc3 7. bxc3 d5 8.
exd5 Nxd5 9. Ba3 Re8 10. Ng5 Qxg5 11. Bxd5 Ne7 12. Bf3 Rb8 13. Qc1 Qf6 14. Qe3
b6 15. d4 Nf5 16. Qe2 Bd7 17. Qc4 Nh4 18. Be2 Bh3 19. f4 Bxg2 20. fxe5 Qg6 21.
Bd3 Be4+ 22. Kf2 Qg2+ 23. Ke3 Bd5 24. Qxc7 Qg5+ 25. Ke2 f6 26. Be7 Rbc8 27.
Qxa7 Qg2+ 28. Rf2 Bf3+ 29. Ke1 Qh1+ 30. Rf1 Qxh2 31. Rf2 Qg3 32. Bxf6 Ng2+ 33.
Kf1 Ne3+ 34. Ke1 Nd5 35. Qxg7+ Qxg7 36. Bxg7 Kxg7 37. Rxf3 Nxc3 38. Kd2 Nd5 39.
Rg1+ Kh8 40. Bxh7 1-0

[Event "III C.to Europeo a squadre femminile"]
[Site "Batumi GEO"]
[Date "1999.12.07"]
[Round "9.2"]
[White "Sirletti, Sonia"]
[Black "Carvalho, Alda"]
[Result "1/2-1/2"]
[WhiteElo "1804"]
[BlackElo "2061"]
[Annotator "ITA-POR"]
[PlyCount "55"]
[EventDate "1999.11.29"]

1. d4 d5 2. c4 e6 3. Nc3 c6 4. Nf3 Nf6 5. Bg5 Be7 6. e3 O-O 7. Rc1 Nbd7 8. Bd3
dxc4 9. Bxc4 Nb6 10. Bd3 h6 11. Bxf6 Bxf6 12. Ne4 Be7 13. O-O Nd7 14. a3 Re8
15. Qc2 Qc7 16. Rfd1 Nf6 17. Nxf6+ Bxf6 18. b4 Bd7 19. h3 Rad8 20. Be4 Qb6 21.
Rd2 Be7 22. Ne5 Bf6 23. Nc4 Qc7 24. Rcd1 Bc8 25. Bh7+ Kh8 26. Be4 Kg8 27. Bh7+
Kh8 28. Be4 1/2-1/2